Protección penal de los derechos fundamentales (Record no. 4978)

MARC details
000 -LEADER
campo de control de longitud fija 01635njm a2200337 i 4500
001 - NÚMERO DE CONTROL
campo de control 4978
003 - IDENTIFICADOR DE NÚMERO DE CONTROL
campo de control ES-MaACL
005 - FECHA Y HORA DE LA ÚLTIMA TRANSACCIÓN
campo de control 20250622050153.0
007 - CAMPO FIJO DE DESCRIPCIÓN FÍSICA--INFORMACIÓN GENERAL
campo de control de longitud fija s|r|||||||||||
008 - DATOS DE LONGITUD FIJA--INFORMACIÓN GENERAL
campo de control de longitud fija 070906s1984 sp ||| g ||||||||1|nspa d
245 00 - MENCIÓN DEL TÍTULO
Título Protección penal de los derechos fundamentales
Medio [Grabación sonora]
Resto del título : libertad de expresión, asociación y reunión /
Mención de responsabilidad, etc. intervienen José Jiménez Villarejo, Diego López Garrido, Bonifacio de la Cuadra y Jesús Peces Morate ; modera Enrique Linde Paniagua.
260 ## - PUBLICACIÓN, DISTRIBUCIÓN, ETC.
Lugar de publicación, distribución, etc. Madrid :
Nombre del editor, distribuidor, etc. Ateneo de Madrid,
Fecha de publicación, distribución, etc. 1984.
300 ## - DESCRIPCIÓN FÍSICA
Extensión 3 discos (CD-DA) (2 h. 7 min. 19 seg.) ;
Dimensiones 12 cm.
490 1# - MENCIÓN DE SERIE
Mención de serie Jornadas sobre la reforma del Código penal
500 ## - NOTA GENERAL
Nota general Datos basados en la invitación.
518 ## - NOTA DE FECHA/HORA Y LUGAR DE UN ACONTECIMIENTO
Nota de fecha/hora y lugar de un acontecimiento Acto organizado por el Ateneo de Madrid en colaboración con la Asociación pro Derechos Humanos en España, grabado en el salón de actos el miércoles, 4 de abril de 1984, a las 18:30 h.
610 04 - PUNTO DE ACCESO ADICIONAL DE MATERIA--NOMBRE DE ENTIDAD CORPORATIVA
Nombre de entidad corporativa o nombre de jurisdicción como elemento de entrada Ateneo de Madrid-
Subdivisión general Actos culturales-
Subdivisión cronológica 1984-
Subdivisión de forma Grabaciones sonoras
9 (RLIN) 1899
650 14 - PUNTO DE ACCESO ADICIONAL DE MATERIA--TÉRMINO DE MATERIA
Término de materia o nombre geográfico como elemento de entrada Derechos políticos y civiles-
Subdivisión geográfica España.
9 (RLIN) 11781
700 1# - ENTRADA AGREGADA--NOMBRE PERSONAL
Nombre de persona Linde Paniagua, Enrique.
9 (RLIN) 72382
700 1# - ENTRADA AGREGADA--NOMBRE PERSONAL
Nombre de persona Jiménez Villarejo, José.
9 (RLIN) 66628
700 1# - ENTRADA AGREGADA--NOMBRE PERSONAL
Nombre de persona López Garrido, Diego.
9 (RLIN) 73667
700 1# - ENTRADA AGREGADA--NOMBRE PERSONAL
Nombre de persona Cuadra, Bonifacio de la.
9 (RLIN) 41874
700 1# - ENTRADA AGREGADA--NOMBRE PERSONAL
Nombre de persona Peces Morate, Jesús.
9 (RLIN) 89837
710 2# - ENTRADA AGREGADA--NOMBRE DE ENTIDAD CORPORATIVA
Nombre de entidad corporativa o nombre de jurisdicción como elemento de entrada Ateneo de Madrid.
9 (RLIN) 1875
710 2# - ENTRADA AGREGADA--NOMBRE DE ENTIDAD CORPORATIVA
Nombre de entidad corporativa o nombre de jurisdicción como elemento de entrada Asociación pro Derechos Humanos de España.
9 (RLIN) 1785
830 0# - PUNTO DE ACCESO ADICIONAL DE SERIE-TÍTULO UNIFORME
Título uniforme Jornadas sobre la reforma del Código penal
9 (RLIN) 176765
852 ## - LOCALIZACIÓN
Ubicación ES-MaACL
Número de control de estantería ROT 5/5/26
itemnumber 5095
Ubicación en estantería Rotativo
852 ## - LOCALIZACIÓN
Ubicación ES-MaACL
Número de control de estantería ROT 5/5/28
itemnumber 203689
Ubicación en estantería Rotativo
942 ## - ELEMENTOS DE ENTRADA SECUNDARIOS (KOHA)
Fuente del sistema de clasificación o colocación Clasificación decimal universal
Holdings
Estatus retirado Estado de pérdida Fuente del sistema de clasificación o colocación Estado de daño No para préstamo Colección Biblioteca de origen Biblioteca actual Ubicación en estantería Fecha de adquisición Total de préstamos Signatura topográfica completa Código de barras Visto por última vez Precio de reemplazo Tipo de ítem Koha
    Clasificación decimal universal     Archivo de la palabra Biblioteca del Ateneo de Madrid Biblioteca del Ateneo de Madrid Rotativo 17/01/2008   ROT 5/5/26 1005041 23/02/2023 23/02/2023 Archivo de ordenador en CD-ROM, CD o disquete
    Clasificación decimal universal     Archivo de la palabra Biblioteca del Ateneo de Madrid Biblioteca del Ateneo de Madrid Rotativo 17/01/2008   ROT 5/5/28   18/06/2024 23/02/2023 Archivo de ordenador en CD-ROM, CD o disquete